Music Quiz

Random Music or Album Quiz

Michael Jackson Albums Quiz Stats

 Plays Quiz Updated Dec 26, 2018

Support Sporcle.
Go Orange.
Score 0/11 Timer 02:00
18 Plays Today
Year Album % Correct
1982Thriller
97.8%
1987Bad
88.1%
1979Off the Wall
67.1%
1991Dangerous
58.7%
1995*HIStory (Continues)
56.7%
1972Ben
50.5%
2014Xscape
46.2%
2001Invincible
45%
1972Got to Be There
27%
1975Forever, Michael
24%
1973Music and Me
23.7%

From the Vault

Find That Movie! V

by AdamL

Movies 8m
Where did those movies get off to this time?
Remove Ads.
Support Sporcle.
Get the best of Sporcle when you Go Orange. This ad-free experience offers more features, more stats, and more fun while also helping to support Sporcle. Thank you for becoming a member.

Show Comments

Extras

Top Quizzes Today


Score Distribution

Your Account Isn't Verified!

In order to create a playlist on Sporcle, you need to verify the email address you used during registration. Go to your Sporcle Settings to finish the process.

Report this User

Report this user for behavior that violates our Community Guidelines.

Details: